Практическое товароведение для работников потребительской кооперации ... Ч. 2: Животные пищевые продукты (Запись № 13564572)

Подробности
000 -МАРКЕР
контрольное поле 01257nam2a2200241 4500
001 - ИДЕНТИФИКАТОР ЗАПИСИ
контрольное поле rc\2655711
005 - ИДЕНТИФИКАТОР ВЕРСИИ
контрольное поле 20260315043407.0
035 ## - ДРУГИЕ СИСТЕМНЫЕ НОМЕРА
Идентификатор записи (NLR Aleph) 006962975
100 ## - ДАННЫЕ ОБЩЕЙ ОБРАБОТКИ
Данные общей обработки 20110623d1931 u y0rusy50 ca
101 0# - ЯЗЫК РЕСУРСА
Язык текста, звукозаписи и т.д. русский
102 ## - СТРАНА ПУБЛИКАЦИИ ИЛИ ПРОИЗВОДСТВА
Страна публикации Российская Федерация
105 ## - ПОЛЕ КОДИРОВАННЫХ ДАННЫХ: ТЕКСТОВЫЕ МАТЕРИАЛЫ, МОНОГРАФИЧЕСКИЕ
Кодированные данные о монографическом текстовом документе a z |||||
200 1# - ЗАГЛАВИЕ И СВЕДЕНИЯ ОБ ОТВЕТСТВЕННОСТИ
Основное заглавие Животные пищевые продукты
210 ## - ПУБЛИКАЦИЯ, РАСПРОСТРАНЕНИЕ И ДР.
Дата издания, распространения и т.д. 1931
215 ## - ФИЗИЧЕСКАЯ ХАРАКТЕРИСТИКА
Специфическое обозначение материала и объем 270 с.
Другие сведения о физической характеристике ил.
461 #0 - УРОВЕНЬ НАБОРА
Встроенное поле 001rc\2655709
-- 2001#$aПрактическое товароведение для работников потребительской кооперации ...$eЧ. 1-2$fМ. Левин и М. Присека$vЧ. 2
-- 700#1$aЛевин$bМ. И.$cпреподаватель, лектор$f1879-1958$gМакс Ильич$3RU\NLR\AUTH\770255342$4070
Системный номер (АБИС) связанной записи 5363237
Автор Левин, М. И. (преподаватель, лектор ; 1879-1958)
Место публикации Москва
Дата публикации 1930-1931
Издание 2-е изд., доп.
Первые сведения об ответственности М. Левин и М. Присека
Имя издателя, распространителя и т.д. Центросоюз
Сведения, относящиеся к заглавию Ч. 1-2
Заглавие Практическое товароведение для работников потребительской кооперации ...
Номер тома Ч. 2
801 #0 - ИСТОЧНИК ЗАПИСИ
Страна Российская Федерация
Организация NLR
Правила каталогизации psbo
801 #1 - ИСТОЧНИК ЗАПИСИ
Страна Российская Федерация
Организация ELAR
Источник данных rusmarc
852 ## - МЕСТОНАХОЖДЕНИЕ И ШИФР ХРАНЕНИЯ
Идентификатор организации NLR
Шифр хранения (Call Number) 30.17/402
942 ## - ДОПОЛНИТЕЛЬНЫЕ ЭЛЕМЕНТЫ ЗАПИСИ (АБИС)
Тип экземпляра АБИС Неопределено
980 ## - КОЛЛЕКЦИЯ
Название коллекции Национальная библиография

Нет доступных экземпляров.